[Event "SVK-ch U12"]
[Site "Liptovsky Mikulas"]
[Date "2017.04.26"]
[Round "7"]
[White "Sedlacek, Hugo"]
[Black "Kotora, Marko"]
[Result "0-1"]
[WhiteElo "1102"]
[BlackElo "1266"]
[PlyCount "40"]
[EventDate "2017.04.22"]
[EventType "swiss"]
[EventRounds "9"]
[EventCountry "SVK"]
[SourceTitle "CBM 178 Extra"]
[Source "ChessBase"]
[SourceDate "2017.06.22"]
[SourceVersion "1"]
[SourceVersionDate "2017.06.22"]
[SourceQuality "1"]

1. e4 e5 2. Nf3 Nc6 3. Nc3 Nf6 4. Bc4 Nxe4 5. Nxe4 d5 6. Bd3 dxe4 7. Bxe4 Bd6 8. Rg1 0-0 9. d3 Re8 10. Bg5 f6 11. Be3 Ne7 12. Qe2 f5 13. Bxb7 Bxb7 14. d4 f4 15. Bd2 exd4 16. Nxd4 Nc6 17. Nxc6 Rxe2+ 18. Kxe2 Qe8+ 19. Ne7+ Qxe7+ 20. Be3 fxe3 0-1

[Event "SVK-ch U12"]
[Site "Liptovsky Mikulas"]
[Date "2017.04.23"]
[Round "3"]
[White "Horvath, Jan"]
[Black "Sedlacek, Hugo"]
[Result "1-0"]
[WhiteElo "1239"]
[BlackElo "1102"]
[PlyCount "93"]
[EventDate "2017.04.22"]
[EventType "swiss"]
[EventRounds "9"]
[EventCountry "SVK"]
[SourceTitle "CBM 178 Extra"]
[Source "ChessBase"]
[SourceDate "2017.06.22"]
[SourceVersion "1"]
[SourceVersionDate "2017.06.22"]
[SourceQuality "1"]

1. e4 e5 2. Nf3 Nc6 3. Bb5 Nf6 4. d3 Bb4+ 5. c3 Bc5 6. 0-0 d5 7. exd5 Nxd5 8. Nxe5 a6 9. Nxc6 bxc6 10. Bxc6+ Bd7 11. Bxa8 Qxa8 12. Re1+ Be6 13. d4 Bd6 14. Qg4 Qc8 15. c4 Nf6 16. Qf3 0-0 17. b3 Bg4 18. Qd3 Bf5 19. Qc3 Ne4 20. Qb2 c5 21. Nd2 Nxd2 22. Qxd2 Bb8 23. dxc5 Bg4 24. f3 Qc7 25. Qd6 Qxd6 26. cxd6 Bd7 27. c5 h6 28. b4 Re8 29. Rxe8+ Bxe8 30. a3 g6 31. Bxh6 Kh7 32. Bf4 f6 33. g3 g5 34. Re1 Bc6 35. Be3 Bxf3 36. Rf1 Be2 37. Rxf6 Kg7 38. Re6 Bc4 39. Re7+ Kf8 40. Bxg5 Bd3 41. d7 Bc7 42. Re8+ Kf7 43. d8Q Bxd8 44. Rxd8 Kg6 45. Rxd3 Kxg5 46. c6 Kf6 47. c7 1-0